000 00734nam a2200265 i 4500
001 C2-0259845
003 PPAK
005 20180727230023.0
008 041007s2001 xxka|||| ||||| | eng d
020 _a1861264216
040 _aPPAK
_beng
_cPPAK
_erda
082 0 4 _a796.343
_223
090 0 0 _a796.343
_bPEA
_dG
100 1 _aPearson, David,
_eauthor
245 1 0 _aSquash
264 1 _aWiltshire, United Kingdom :
_bThe Crowood Press ,
_c2001
300 _a111 pages :
_billustrations ;
_c24 cm
336 _2rdacontent
_atext
337 _2rdamedia
_aunmediated
338 _2rdacarrier
_avolume
490 1 _aThe skills of the game
650 1 0 _aSquash racket (Game)
830 0 _aThe skills of the game
942 _ddc
_cB
999 _c71098
_d71098